000 00954nam a2200277 i 4500
001 16108
003 ES-MaACL
005 20250811100101.0
007 t|
008 000623s1992 mx ||||1| spa d
020 _a968-16-0176-9
080 _a616.895.8(092.2)
080 _a616.89
100 1 _aSechehaye, M. A.
_9105039
245 1 3 _aLa realización simbólica y Diario de una esquizofrénica
_b: exposición de un nuevo método psicoterapéutico /
_cM.A. Sechehaye.
250 _a2ª ed. en español, 4ª reimp.
260 _aMéxico :
_bFondo de Cultura Económica,
_c1992.
300 _a214 p. ;
_c21 cm.
490 1 _aBiblioteca de psicología y psicoanálisis
650 1 7 _aPsiquiatría
_2embne
_916586
650 1 4 _aEsquizofrenia-
_xCasos clínicos.
_912511
740 0 2 _aDiario de una esquizofrénica.
830 1 _aBiblioteca de psicología y psicoanálisis
_9179941
852 _aES-MaACL
_jL-23334
999 _c16108
_d16108